[Event "282nd YMCA Winter A"]
[Site "Warsaw"]
[Date "2024.02.06"]
[Round "5"]
[White "Sternik, Piotr"]
[Black "Mazurek, Jerzy"]
[Result "1-0"]
[WhiteElo "1829"]
[BlackElo "1712"]
[PlyCount "55"]
[EventDate "2024.01.12"]
[EventType "tourn"]
[EventRounds "1"]
[EventCountry "POL"]
[SourceDate "2024.01.19"]

1. d4 Nf6 2. c4 g6 3. Nc3 Bg7 4. e4 d6 5. Be2 O-O 6. Nf3 e5 7. O-O Bg4 8. Be3
Bxf3 9. Bxf3 exd4 10. Bxd4 Nc6 11. Be3 Nd7 12. Qd2 Nc5 13. Rad1 Ne6 14. g3 Ncd4
15. Bg2 Rb8 16. f4 c5 17. f5 Nc7 18. Bh6 gxf5 19. exf5 Qf6 20. Bg5 Qxf5 21.
Rxf5 Nxf5 22. Rf1 Nd4 23. Bh6 Bxh6 24. Qxh6 Nce6 25. Be4 f5 26. Bxf5 Rxf5 27.
Rxf5 Nxf5 28. Qxe6+ 1-0

[Event "282nd YMCA Winter A"]
[Site "Warsaw"]
[Date "2024.02.13"]
[Round "5"]
[White "Koziol, Pawel"]
[Black "Kowalski, Witold"]
[Result "1/2-1/2"]
[WhiteElo "1647"]
[BlackElo "1667"]
[PlyCount "99"]
[EventDate "2024.01.12"]
[EventType "tourn"]
[EventRounds "1"]
[EventCountry "POL"]
[SourceDate "2024.01.19"]

1. e4 c5 2. Ne2 Nc6 3. Nbc3 g6 4. g3 Bg7 5. Bg2 d6 6. d3 e5 7. O-O Be6 8. f4
Nge7 9. Be3 Nd4 10. Qd2 O-O 11. Nd1 Qd7 12. Nf2 f5 13. c3 Nxe2+ 14. Qxe2 Rac8
15. c4 b5 16. Rad1 h6 17. b3 Kh7 18. Qd2 b4 19. Kh1 a5 20. Rg1 a4 21. Rb1 Rf7
22. Rgf1 Ng8 23. exf5 gxf5 24. Qc2 a3 25. Qe2 Ne7 26. Nh3 Rff8 27. Qh5 Rf6 28.
Ng5+ Kg8 29. Nxe6 Qxe6 30. Rbe1 Qf7 31. Qf3 Ng6 32. Qe2 Qd7 33. Bh3 Re8 34. Qf3
Qf7 35. Bd2 Re7 36. Qa8+ Re8 37. Qc6 Kh7 38. Qf3 Kg8 39. Qf2 Rf8 40. Bg2 Qd7
41. Bd5+ Kh7 42. Qg2 Qc8 43. Re2 Re8 44. Rfe1 Rff8 45. Qf3 Ne7 46. fxe5 Nxd5
47. Qxd5 Bxe5 48. Rf1 Kg6 49. Rg2 Qa8 50. Qxa8 1/2-1/2

[Event "282nd YMCA Winter A"]
[Site "Warsaw"]
[Date "2024.02.09"]
[Round "5"]
[White "Pietrzak, Wojciech"]
[Black "Pettersson, Alexander"]
[Result "1-0"]
[WhiteElo "1754"]
[BlackElo "1799"]
[PlyCount "47"]
[EventDate "2024.01.12"]
[EventType "tourn"]
[EventRounds "1"]
[EventCountry "POL"]
[SourceDate "2024.01.19"]

1. Nc3 d5 2. e4 dxe4 3. Nxe4 Nd7 4. Bc4 e6 5. Nf3 Ngf6 6. Neg5 h6 7. Nh3 Bd6 8.
d4 g5 9. g4 b6 10. d5 Bb7 11. dxe6 fxe6 12. Qe2 Ne5 13. Nxe5 Bxe5 14. Qxe5 Bxh1
15. Nxg5 hxg5 16. Bxg5 Rf8 17. Bxe6 Qe7 18. O-O-O Bc6 19. Re1 Rd8 20. Qc3 Ba8
21. Bf5 Qxe1+ 22. Qxe1+ Kf7 23. Qe6+ Kg7 24. Qe7+ 1-0

[Event "282nd YMCA Winter A"]
[Site "Warsaw"]
[Date "2024.02.16"]
[Round "6"]
[White "Huseynzade, Jeyhun"]
[Black "Pettersson, Alexander"]
[Result "0-1"]
[WhiteElo "1991"]
[BlackElo "1799"]
[PlyCount "108"]
[EventDate "2024.01.12"]
[EventType "tourn"]
[EventRounds "1"]
[EventCountry "POL"]
[SourceDate "2024.01.19"]

1. e4 c6 2. Nc3 d5 3. Nf3 a6 4. d4 Bg4 5. h3 Bh5 6. Bd3 e6 7. O-O Nf6 8. Bg5
Be7 9. e5 Nfd7 10. Bxe7 Qxe7 11. Qe2 c5 12. dxc5 Nxc5 13. Qe3 Bxf3 14. Qxf3 Nc6
15. Qg3 O-O 16. Rae1 Rac8 17. f4 Nxd3 18. cxd3 Nd4 19. Qf2 Nf5 20. g4 d4 21.
Nd5 Qd8 22. gxf5 Qxd5 23. f6 Rc6 24. Re4 Rd8 25. Qg3 g6 26. Qg5 Qc5 27. a3 Qf8
28. f5 exf5 29. Rxf5 h6 30. Qg2 Kh7 31. Rf2 Qc5 32. b4 Qc3 33. e6 Qxd3 34. exf7
Rf8 35. Re7 Qb5 36. a4 Qxb4 37. Qe4 Qd6 38. Kg2 d3 39. Qg4 Qd5+ 40. Qf3 Qg5+
41. Kh2 d2 42. Rd7 Qe5+ 43. Kg2 d1=Q 44. Qxd1 Rxf6 45. Rxf6 Qxf6 46. Qd5 b5 47.
axb5 Qb2+ 48. Kh1 axb5 49. Rb7 b4 50. Qe6 Qc1+ 51. Kg2 Qg5+ 52. Kh2 Qf4+ 53.
Kg2 Kg7 54. Qe7 Rxf7 0-1

[Event "282nd YMCA Winter A"]
[Site "Warsaw"]
[Date "2024.02.16"]
[Round "6"]
[White "Krupa, Bartlomiej"]
[Black "Pietrzak, Wojciech"]
[Result "1/2-1/2"]
[WhiteElo "1779"]
[BlackElo "1754"]
[PlyCount "71"]
[EventDate "2024.01.12"]
[EventType "tourn"]
[EventRounds "1"]
[EventCountry "POL"]
[SourceDate "2024.01.19"]

1. e4 e5 2. Nf3 Nc6 3. Bc4 f5 4. d4 fxe4 5. Nxe5 d5 6. Bb5 Qd6 7. O-O Nf6 8. c4
Bd7 9. Nxd7 Qxd7 10. cxd5 Nxd5 11. Bxc6 Qxc6 12. Qh5+ Kd7 13. Nc3 Nxc3 14. bxc3
g6 15. Qe2 Re8 16. d5 Qa4 17. Qg4+ Kd8 18. Bg5+ Be7 19. Rfd1 Qd7 20. Bxe7+ Rxe7
21. Qf4 Qd6 22. Qe3 b6 23. c4 Rf8 24. Rac1 Qf4 25. Rc3 Qg4 26. Qd4 Rf6 27. Re1
Qf4 28. c5 bxc5 29. Rxc5 Ref7 30. Rc2 e3 31. Qxe3 Qxe3 32. fxe3 Re7 33. e4 Rf4
34. Rce2 Re5 35. g3 Rf7 36. Kg2 $11 1/2-1/2

[Event "282nd YMCA Winter A"]
[Site "Warsaw"]
[Date "2024.02.16"]
[Round "6"]
[White "Kowalski, Witold"]
[Black "Sypula, Krzysztof"]
[Result "1-0"]
[WhiteElo "1667"]
[BlackElo "1662"]
[PlyCount "95"]
[EventDate "2024.01.12"]
[EventType "tourn"]
[EventRounds "1"]
[EventCountry "POL"]
[SourceDate "2024.01.19"]

1. e4 e6 2. d4 d5 3. Nd2 dxe4 4. Nxe4 Be7 5. Nf3 Nf6 6. Nxf6+ Bxf6 7. Bd3 O-O
8. c3 Nd7 9. Qc2 h6 10. h4 e5 11. Be3 exd4 12. cxd4 Nb6 13. O-O-O Nd5 14. Bd2
Be6 15. Kb1 Qd6 16. Rdg1 Nb4 17. Bxb4 Qxb4 18. g4 Bxd4 19. g5 h5 20. g6 fxg6
21. Rxg6 Rxf3 22. Rxe6 Rxf2 23. Re2 Raf8 24. Bc4+ Kh8 25. a3 Qb6 26. Rhe1 Qf6
27. Qd1 g6 28. Qd2 Qf4 29. Qc2 Rxe2 30. Rxe2 Qg4 31. Rg2 Rf2 32. Rxg4 Rxc2 33.
Rxd4 Rh2 34. b4 Kg7 35. Rf4 g5 36. hxg5 Kg6 37. Rf7 b5 38. Bd5 Rd2 39. Rd7 Kxg5
40. Bc6 Rf2 41. Rxc7 h4 42. Rxa7 h3 43. Rh7 h2 44. Bxb5 Kf6 45. Bc6 Ke6 46. b5
Kd6 47. a4 Rf4 48. a5 1-0

[Event "282nd YMCA Winter A"]
[Site "Warsaw"]
[Date "2024.02.16"]
[Round "6"]
[White "Mazurek, Jerzy"]
[Black "Koziol, Pawel"]
[Result "0-1"]
[WhiteElo "1712"]
[BlackElo "1647"]
[PlyCount "100"]
[EventDate "2024.01.12"]
[EventType "tourn"]
[EventRounds "1"]
[EventCountry "POL"]
[SourceDate "2024.01.19"]

1. e4 g6 2. c4 Bg7 3. Nc3 d6 4. g3 Nf6 5. Bg2 O-O 6. Nge2 c6 7. O-O a6 8. d3 e5
9. h3 b5 10. a3 Nbd7 11. f4 Bb7 12. f5 Nb6 13. b3 d5 14. exd5 cxd5 15. c5 Nbd7
16. b4 e4 17. g4 exd3 18. Qxd3 Ne5 19. Qb1 Ne4 20. Nxe4 dxe4 21. Bxe4 Bxe4 22.
Qxe4 Re8 23. Rb1 Nc4 24. Qf3 Ne5 25. Qg2 Qd3 26. Bb2 Rad8 27. Nf4 Qe3+ 28. Qf2
Nf3+ 29. Kh1 Nd2 30. Qxe3 Rxe3 31. Bxg7 Nxf1 32. Bf6 Ng3+ 33. Kg1 Rd2 34. Bg5
Ne4 35. Ng2 Rxg2+ 36. Kxg2 Nxg5 37. h4 Ne4 38. Rd1 Kg7 39. fxg6 hxg6 40. g5 Rc3
41. Rd4 Ng3 42. Rd6 Rxa3 43. Rb6 Nf5 44. c6 Rc3 45. Rxa6 Nd4 46. h5 gxh5 47. c7
Rxc7 48. Rh6 Rc4 49. Rxh5 Rxb4 50. Rh6 Ne6 0-1

[Event "282nd YMCA Winter A"]
[Site "Warsaw"]
[Date "2024.02.15"]
[Round "6"]
[White "Choroszej, Aleksander"]
[Black "Sternik, Piotr"]
[Result "1/2-1/2"]
[WhiteElo "1899"]
[BlackElo "1829"]
[PlyCount "92"]
[EventDate "2024.01.12"]
[EventType "tourn"]
[EventRounds "1"]
[EventCountry "POL"]
[SourceDate "2024.01.19"]

1. d4 Nf6 2. c4 c5 3. d5 e6 4. Nc3 d6 5. e4 e5 6. Be2 Be7 7. Nf3 O-O 8. O-O Ne8
9. Ne1 f5 10. exf5 Bxf5 11. Bd3 Bxd3 12. Nxd3 Nd7 13. f3 Bg5 14. Nf2 Nb6 15. b3
Bxc1 16. Qxc1 Nf6 17. Nfe4 Nxe4 18. Nxe4 Qe7 19. Qe3 Nd7 20. Rae1 Rae8 21. Qg5
Nf6 22. Ng3 Nxd5 23. Qxe7 Nxe7 24. Ne4 Rd8 25. f4 b6 26. Ng5 Rf5 27. Ne6 Re8
28. Nc7 Rc8 29. Nb5 Rd8 30. g4 Rf6 31. fxe5 dxe5 32. Rxe5 Nc6 33. Rd5 Rxf1+ 34.
Kxf1 Rf8+ 35. Kg2 Nb4 36. Rd7 a6 37. Nc7 Nxa2 38. Ne6 Re8 39. Nxg7 Re4 40. Kf3
Re1 41. Kf2 Re4 42. Kf3 Re1 43. Kf2 Rb1 44. Nh5 Rb2+ 45. Kg1 Rb1+ 46. Kf2 Rb2+
1/2-1/2

[Event "282nd YMCA Winter A"]
[Site "Warsaw"]
[Date "2024.01.14"]
[Round "7"]
[White "Lewandrowski, Tomasz"]
[Black "Huseynzade, Jeyhun"]
[Result "0-1"]
[WhiteElo "1822"]
[BlackElo "1991"]
[PlyCount "66"]
[EventDate "2024.01.12"]
[EventType "tourn"]
[EventRounds "1"]
[EventCountry "POL"]
[SourceDate "2024.01.19"]

1. d4 Nf6 2. Nc3 c5 3. d5 d6 4. g3 Nbd7 5. Bg2 Rb8 6. a4 g6 7. f4 a6 8. e4 b5
9. axb5 axb5 10. Qe2 b4 11. Nd1 Bb7 12. b3 Bg7 13. Bb2 Ra8 14. Rxa8 Qxa8 15. g4
O-O 16. h4 Qa2 17. h5 Ba6 18. Qd2 Nxe4 19. Bxe4 Bxb2 20. hxg6 fxg6 21. Qh2 Nf6
22. g5 Nh5 23. Bf3 Rxf4 24. Qh3 Qb1 25. Ne2 Bxe2 26. Qe6+ Kf8 27. Qxe2 Ng3 28.
Qe3 Bc1 29. Qd3 Nxh1 30. Bxh1 Qa1 31. Nf2 Bd2+ 32. Kxd2 Rxf2+ 33. Ke3 Qe1+ 0-1

[Event "282nd YMCA Winter A"]
[Site "Warsaw"]
[Date "2024.02.23"]
[Round "7"]
[White "Koziol, Pawel"]
[Black "Choroszej, Aleksander"]
[Result "1/2-1/2"]
[WhiteElo "1647"]
[BlackElo "1899"]
[PlyCount "63"]
[EventDate "2024.01.12"]
[EventType "tourn"]
[EventRounds "1"]
[EventCountry "POL"]
[SourceDate "2024.01.19"]

1. d4 g6 2. e4 Bg7 3. Nc3 d6 4. Be3 a6 5. Qd2 b5 6. h4 h5 7. Nh3 Bxh3 8. Rxh3
c6 9. Be2 Nd7 10. f3 Ngf6 11. a3 Qc7 12. g4 Nb6 13. g5 Nfd7 14. Kf2 O-O 15. Kg2
c5 16. Rf1 Rad8 17. d5 b4 18. Nd1 Na4 19. axb4 cxb4 20. b3 Nc3 21. Nxc3 Bxc3
22. Qd1 Ra8 23. f4 Bg7 24. Bd3 Rfc8 25. Rhf3 Qc3 26. Bd2 Qc5 27. Qe1 a5 28. e5
dxe5 29. f5 Qd6 30. fxg6 fxg6 31. Qe4 Nf8 32. Be1 $11 1/2-1/2

[Event "282nd YMCA Winter A"]
[Site "Warsaw"]
[Date "2024.02.23"]
[Round "7"]
[White "Sypula, Krzysztof"]
[Black "Mazurek, Jerzy"]
[Result "0-1"]
[WhiteElo "1662"]
[BlackElo "1712"]
[PlyCount "48"]
[EventDate "2024.01.12"]
[EventType "tourn"]
[EventRounds "1"]
[EventCountry "POL"]
[SourceDate "2024.01.19"]

1. Nf3 Nf6 2. e3 d5 3. c4 e6 4. b3 Bd6 5. Bb2 O-O 6. Nc3 b6 7. d4 Bb7 8. Bd3
Nbd7 9. O-O Re8 10. cxd5 exd5 11. Qc2 a6 12. Rfe1 Ne4 13. Bf1 Ndf6 14. Nd1 Nd7
15. g3 Qf6 16. Bg2 Qh6 17. a4 a5 18. Ba3 Rac8 19. Nc3 Bxa3 20. Rxa3 c5 21. Qb2
cxd4 22. exd4 Rxc3 23. Ne5 Qd2 24. Qxd2 Nxd2 0-1

[Event "282nd YMCA Winter A"]
[Site "Warsaw"]
[Date "2024.02.23"]
[Round "7"]
[White "Pietrzak, Wojciech"]
[Black "Kowalski, Witold"]
[Result "1-0"]
[WhiteElo "1754"]
[BlackElo "1667"]
[PlyCount "63"]
[EventDate "2024.01.12"]
[EventType "tourn"]
[EventRounds "1"]
[EventCountry "POL"]
[SourceDate "2024.01.19"]

1. e4 c5 2. c3 d5 3. exd5 Qxd5 4. d4 cxd4 5. cxd4 Nc6 6. Be3 e6 7. Nf3 Nf6 8.
a3 a6 9. Nc3 Qd6 10. Qd2 Be7 11. Be2 b5 12. Rc1 Bb7 13. Bf4 Qd8 14. O-O O-O 15.
b4 Nd5 16. Rfd1 Rc8 17. Ne4 Nxd4 18. Nxd4 Nxf4 19. Qxf4 Rxc1 20. Qxc1 Bxe4 21.
Nxe6 fxe6 22. Rxd8 Bxd8 23. Bf3 Bf5 24. Qc6 a5 25. bxa5 Bxa5 26. Qxb5 Bc7 27.
Qc6 Bf4 28. g3 Bd2 29. g4 Bg6 30. Qxe6+ Kh8 31. Qd6 Rxf3 32. Qd8+ 1-0

[Event "282nd YMCA Winter A"]
[Site "Warsaw"]
[Date "2024.02.23"]
[Round "7"]
[White "Pettersson, Alexander"]
[Black "Krupa, Bartlomiej"]
[Result "1/2-1/2"]
[WhiteElo "1799"]
[BlackElo "1779"]
[PlyCount "121"]
[EventDate "2024.01.12"]
[EventType "tourn"]
[EventRounds "1"]
[EventCountry "POL"]
[SourceDate "2024.01.19"]

1. d4 d5 2. Nf3 c6 3. c4 Nf6 4. Qc2 e6 5. g3 Ne4 6. Bg2 Bb4+ 7. Nbd2 Nd7 8. O-O
f5 9. Nxe4 dxe4 10. Ne5 Nxe5 11. dxe5 Qc7 12. a3 Bc5 13. Qc3 a5 14. b3 O-O 15.
Bb2 Bd7 16. b4 axb4 17. axb4 Be7 18. c5 b6 19. Rfd1 Rxa1 20. Rxa1 bxc5 21. bxc5
Rb8 22. Bc1 Rb5 23. Be3 Qb7 24. f3 Rb3 25. Qd4 Rb4 26. Qd1 exf3 27. Bxf3 Be8
28. Qd2 Rb2 29. Qa5 Rb1+ 30. Rxb1 Qxb1+ $11 31. Kf2 Qb7 32. Qb6 Qd7 33. h4 g6
34. Qb3 f4 35. Bxf4 Bxc5+ 36. Be3 Bxe3+ 37. Kxe3 Bf7 $11 38. Qb8+ Kg7 39. Qb6
Be8 40. Qc5 Kf7 41. g4 Qe7 42. Qxe7+ Kxe7 43. Kd4 Kd7 44. Kc5 Ke7 45. g5 Bf7
46. Bxc6 Bg8 47. Kd4 Bf7 48. Ke4 Bg8 49. Kf4 Bf7 50. Kg4 Bg8 51. Be4 Bf7 52.
Kf4 Be8 53. h5 Bf7 54. hxg6 hxg6 55. Bc6 Bg8 56. Ke4 Bf7 57. Kd4 Bg8 58. Kc5
Bf7 59. Kb6 Bg8 60. Kc7 Bf7 61. e3 $11 1/2-1/2

[Event "282nd YMCA Winter A"]
[Site "Warsaw"]
[Date "2024.03.01"]
[Round "8"]
[White "Huseynzade, Jeyhun"]
[Black "Krupa, Bartlomiej"]
[Result "1-0"]
[WhiteElo "1991"]
[BlackElo "1779"]
[PlyCount "47"]
[EventDate "2024.01.12"]
[EventType "tourn"]
[EventRounds "1"]
[EventCountry "POL"]
[SourceDate "2024.01.19"]

1. e4 c5 2. Nc3 Nc6 3. f4 a6 4. a4 g6 5. Bc4 Bg7 6. Nf3 e6 7. d3 Nge7 8. O-O
O-O 9. Qe1 d5 10. Bb3 Rb8 11. f5 b5 12. Qh4 c4 13. f6 Nf5 14. exf5 Bxf6 15. Bg5
Bxg5 16. Nxg5 h5 17. fxg6 fxg6 18. Qg3 Qb6+ 19. Kh1 cxb3 20. Rxf8+ Kxf8 21.
Qf4+ Ke7 22. Re1 Qc5 23. Qc7+ Kf6 24. Nh7+ 1-0

[Event "282nd YMCA Winter A"]
[Site "Warsaw"]
[Date "2024.03.01"]
[Round "8"]
[White "Kowalski, Witold"]
[Black "Pettersson, Alexander"]
[Result "1-0"]
[WhiteElo "1667"]
[BlackElo "1799"]
[PlyCount "65"]
[EventDate "2024.01.12"]
[EventType "tourn"]
[EventRounds "1"]
[EventCountry "POL"]
[SourceDate "2024.01.19"]

1. e4 c6 2. d4 d5 3. e5 c5 4. dxc5 e6 5. Qg4 Ne7 6. Nf3 h5 7. Qa4+ Bd7 8. Qa3
Nbc6 9. Nc3 Ng6 10. Nb5 Ncxe5 11. Nxe5 Nxe5 12. Bf4 Bxb5 13. Bxb5+ Nc6 14. c4
Qf6 15. Bd2 Be7 16. O-O d4 17. Bxc6+ bxc6 18. Qa6 e5 19. Bg5 Qe6 20. Qb7 Rd8
21. Bxe7 Qxe7 22. Qxc6+ Kf8 23. Rfe1 $11 f5 24. b4 e4 25. Qg6 Qf7 26. Qg5 Rc8
27. Rad1 d3 28. f3 exf3 29. Rxd3 Kg8 30. Re7 Qf8 31. Rxf3 Rh7 32. Qxf5 Qd8 33.
Qd5+ 1-0

[Event "282nd YMCA Winter A"]
[Site "Warsaw"]
[Date "2024.03.01"]
[Round "8"]
[White "Mazurek, Jerzy"]
[Black "Pietrzak, Wojciech"]
[Result "0-1"]
[WhiteElo "1712"]
[BlackElo "1754"]
[PlyCount "86"]
[EventDate "2024.01.12"]
[EventType "tourn"]
[EventRounds "1"]
[EventCountry "POL"]
[SourceDate "2024.01.19"]

1. d4 d5 2. c4 e6 3. Nc3 c5 4. cxd5 exd5 5. Nf3 Nc6 6. g3 c4 7. Bg2 Bb4 8. O-O
Nge7 9. Ne1 O-O 10. Nc2 Bf5 11. Be3 a5 12. f3 Qd7 13. Re1 Bxc2 14. Qxc2 Nf5 15.
Qd2 Nxe3 16. Qxe3 Rfe8 17. Qd2 Rac8 18. Kh1 b5 19. a3 Bxc3 20. bxc3 Qe7 21. e4
dxe4 22. fxe4 b4 23. axb4 axb4 24. cxb4 Qxb4 25. Qf2 c3 26. Rf1 Qc4 27. e5 Nxd4
28. Ra5 c2 29. Bd5 Qxf1+ 30. Qxf1 c1=Q 31. Bxf7+ Kf8 32. Ra1 Qxf1+ 33. Rxf1 Ke7
34. Bxe8 Rxe8 35. Kg2 Ke6 36. Kh3 Nc6 37. Kh4 Rd8 38. g4 Rd4 39. Kh5 Nxe5 40.
h3 Rd3 41. h4 Rd4 42. Rg1 Nf7 43. Re1+ Kd5 0-1

[Event "282nd YMCA Winter A"]
[Site "Warsaw"]
[Date "2024.03.08"]
[Round "8"]
[White "Choroszej, Aleksander"]
[Black "Sypula, Krzysztof"]
[Result "1-0"]
[WhiteElo "1899"]
[BlackElo "1662"]
[PlyCount "101"]
[EventDate "2024.01.12"]
[EventType "tourn"]
[EventRounds "1"]
[EventCountry "POL"]
[SourceDate "2024.01.19"]

1. d4 c5 2. d5 e5 3. Nc3 d6 4. e4 Be7 5. Nf3 Nf6 6. h3 a6 7. a4 O-O 8. Bd3 Ne8
9. g4 g6 10. Ne2 Ng7 11. Bh6 Nd7 12. Ng3 Rb8 13. c4 Qa5+ 14. Kf1 Kh8 15. Kg2
Nf6 16. Qc2 Ng8 17. Bd2 Qc7 18. b4 b6 19. Rhb1 Bd7 20. Be3 Rfc8 21. Qd2 f6 22.
Ng1 Bd8 23. b5 axb5 24. axb5 Ne7 25. f4 exf4 26. Bxf4 g5 27. Be3 Ng6 28. Nf3
Ra8 29. Ra2 Rxa2 30. Qxa2 h6 31. Ra1 Rb8 32. Nf5 Nxf5 33. gxf5 Ne5 34. Nxe5
dxe5 35. h4 Kg7 36. hxg5 hxg5 37. Rh1 Be7 38. Qe2 Rg8 39. Qh5 Kf8 40. Ra1 Bc8
41. Qh6+ Ke8 42. Be2 Kd7 43. Qh7 Rf8 44. Bh5 Kd6 45. Bg6 Bb7 46. Qg7 Qd8 47.
Bf7 Rh8 48. Ra7 Kc7 49. d6+ Kb8 50. dxe7 Qxe7 51. Rxb7+ 1-0

[Event "282nd YMCA Winter A"]
[Site "Warsaw"]
[Date "2024.03.01"]
[Round "8"]
[White "Lewandrowski, Tomasz"]
[Black "Sternik, Piotr"]
[Result "0-1"]
[WhiteElo "1822"]
[BlackElo "1829"]
[PlyCount "54"]
[EventDate "2024.01.12"]
[EventType "tourn"]
[EventRounds "1"]
[EventCountry "POL"]
[SourceDate "2024.01.19"]

1. d4 Nf6 2. Nc3 d5 3. Bf4 c6 4. e3 e6 5. Nf3 Bd6 6. Ne5 Qc7 7. Bd3 Nbd7 8.
Nxd7 Bxd7 9. Bg5 e5 10. Qd2 O-O-O 11. O-O-O h6 12. dxe5 Bxe5 13. Bf4 Bxf4 14.
exf4 c5 15. f3 d4 16. Nb5 Bxb5 17. Bxb5 a6 18. Bd3 Nd5 19. f5 Ne3 20. Rde1 c4
21. Be4 c3 22. bxc3 Qa5 23. cxd4 Qa3+ 24. Kb1 Nc4 25. Qc1 Qb4+ 26. Ka1 Qc3+ 27.
Kb1 Rd6 0-1

[Event "282nd YMCA Winter A"]
[Site "Warsaw"]
[Date "2024.03.08"]
[Round "9"]
[White "Sternik, Piotr"]
[Black "Huseynzade, Jeyhun"]
[Result "1/2-1/2"]
[WhiteElo "1829"]
[BlackElo "1991"]
[PlyCount "82"]
[EventDate "2024.01.12"]
[EventType "tourn"]
[EventRounds "1"]
[EventCountry "POL"]
[SourceDate "2024.01.19"]

1. d4 Nf6 2. c4 e6 3. Nf3 d5 4. g3 c6 5. Bg2 a6 6. O-O Be7 7. Nc3 O-O 8. Re1 b5
9. cxd5 cxd5 10. Bf4 Bb7 11. Ne5 Nc6 12. Rc1 Rc8 13. a3 Qb6 14. Qd3 Nxe5 15.
Bxe5 Nd7 16. e4 Nxe5 17. dxe5 Bc5 18. Rc2 dxe4 19. Nxe4 Rfd8 20. Qe2 Be7 21.
Rxc8 Bxc8 22. Rd1 h6 23. b4 Bb7 24. Rxd8+ Bxd8 25. Nc5 Bxg2 26. Kxg2 Be7 27.
Qe3 Bxc5 28. bxc5 Qc6+ 29. f3 Kf8 30. Qd4 Ke8 31. Kf2 Qd5 32. Qxd5 exd5 33. Ke3
Kd7 34. Kd4 Kc6 35. f4 a5 36. f5 b4 37. axb4 axb4 38. e6 fxe6 39. fxe6 Kc7 40.
h3 Kc6 41. g4 g5 1/2-1/2

[Event "282nd YMCA Winter A"]
[Site "Warsaw"]
[Date "2024.03.21"]
[Round "9"]
[White "Pettersson, Alexander"]
[Black "Mazurek, Jerzy"]
[Result "1/2-1/2"]
[WhiteElo "1799"]
[BlackElo "1712"]
[PlyCount "67"]
[EventDate "2024.01.12"]
[EventType "tourn"]
[EventRounds "1"]
[EventCountry "POL"]
[SourceDate "2024.01.19"]

1. Nf3 Nf6 2. g3 g6 3. Bg2 Bg7 4. c4 d6 5. O-O e5 6. Nc3 O-O 7. d3 Nc6 8. Rb1
a5 9. a3 h6 10. b4 axb4 11. axb4 Be6 12. b5 Nd4 13. Nxd4 exd4 14. Nd5 Bxd5 15.
Bxd5 Nxd5 16. cxd5 Ra2 17. Rb2 Rxb2 18. Bxb2 Qg5 19. Qb3 Re8 20. Bc1 Qh5 21. e4
dxe3 22. fxe3 Re5 23. e4 Qe2 24. Qd1 Qxd1 25. Rxd1 Re8 26. Kf2 Ra8 27. Be3 b6
28. Rc1 Ra7 29. Kf3 Kf8 30. Rb1 Ke8 31. Rb3 Ra2 32. h3 Kd7 33. Bf2 Ra4 34. Be3
$11 1/2-1/2

[Event "282nd YMCA Winter A"]
[Site "Warsaw"]
[Date "2024.03.15"]
[Round "10"]
[White "Huseynzade, Jeyhun"]
[Black "Kowalski, Witold"]
[Result "1-0"]
[WhiteElo "1991"]
[BlackElo "1667"]
[PlyCount "69"]
[EventDate "2024.01.12"]
[EventType "tourn"]
[EventRounds "1"]
[EventCountry "POL"]
[SourceDate "2024.01.19"]

1. e4 c5 2. Nf3 e6 3. d4 cxd4 4. Nxd4 Nc6 5. Nxc6 bxc6 6. Bd3 d5 7. Nd2 Nf6 8.
e5 Nd7 9. Nf3 Be7 10. O-O Qc7 11. Bf4 Rb8 12. Rb1 O-O 13. Re1 Nc5 14. c3 Nxd3
15. Qxd3 h6 16. Re3 Rd8 17. Nd2 d4 18. cxd4 Rb4 19. Nb3 c5 20. Rg3 c4 21. Qc3
Kh8 22. Rh3 Bf8 23. Nc5 Bxc5 24. dxc5 Qxc5 25. Bxh6 gxh6 26. Rxh6+ Kg7 27. Rh3
Rg8 28. Qd2 f6 29. Qh6+ Kf7 30. Qxf6+ Ke8 31. Rh7 Rb7 32. Rd1 Re7 33. Rh8 Rxh8
34. Qxh8+ Kf7 35. Rd8 1-0

[Event "282nd YMCA Winter A"]
[Site "Warsaw"]
[Date "2024.03.15"]
[Round "10"]
[White "Mazurek, Jerzy"]
[Black "Krupa, Bartlomiej"]
[Result "1-0"]
[WhiteElo "1712"]
[BlackElo "1779"]
[PlyCount "57"]
[EventDate "2024.01.12"]
[EventType "tourn"]
[EventRounds "1"]
[EventCountry "POL"]
[SourceDate "2024.01.19"]

1. e4 c5 2. Nf3 d6 3. d4 cxd4 4. Nxd4 Nf6 5. Nc3 a6 6. f3 e5 7. Nb3 Be6 8. Be3
Be7 9. Qd2 O-O 10. O-O-O Nbd7 11. g4 b5 12. Nd5 Bxd5 13. exd5 Nb6 14. Na5 Nfxd5
15. Nc6 Qd7 16. Nxe7+ Qxe7 17. Bxb6 Nxb6 18. Qxd6 Qg5+ 19. Qd2 Qxd2+ 20. Rxd2
Rfd8 21. Bd3 Rd7 22. Rhd1 Rad8 $11 23. a4 bxa4 24. Bxa6 Rxd2 25. Rxd2 Ra8 26.
Rd6 Rb8 27. c4 Kf8 28. c5 Ke7 29. Rxb6 1-0

[Event "282nd YMCA Winter A"]
[Site "Warsaw"]
[Date "2024.03.15"]
[Round "10"]
[White "Choroszej, Aleksander"]
[Black "Pettersson, Alexander"]
[Result "1-0"]
[WhiteElo "1899"]
[BlackElo "1799"]
[PlyCount "71"]
[EventDate "2024.01.12"]
[EventType "tourn"]
[EventRounds "1"]
[EventCountry "POL"]
[SourceDate "2024.01.19"]

1. d4 d5 2. c4 e6 3. Nc3 Nf6 4. Nf3 Nbd7 5. Bf4 Bb4 6. e3 c5 7. Qb3 O-O 8. Be2
dxc4 9. Bxc4 Nb6 10. dxc5 Bxc5 11. O-O Nxc4 12. Qxc4 Be7 13. Bc7 Qe8 14. Ne5
Bd7 15. Nxd7 Qxd7 16. Rfd1 Qc8 17. Rac1 Rd8 18. Rxd8+ Bxd8 19. Nb5 Ne8 20. Be5
Qd7 21. a4 a6 22. Qd4 Qxd4 23. Nxd4 Kf8 24. Kf1 Ke7 25. Nb3 Bb6 26. Ke2 Rd8 27.
f3 f6 28. Bc3 Bc7 29. Nc5 Rb8 30. h3 f5 31. Nd3 b5 32. axb5 Rxb5 33. Bxg7 Nxg7
34. Rxc7+ Kf6 35. f4 Rb6 36. Ne5 1-0

[Event "282nd YMCA Winter A"]
[Site "Warsaw"]
[Date "2024.03.15"]
[Round "10"]
[White "Lewandrowski, Tomasz"]
[Black "Sypula, Krzysztof"]
[Result "1-0"]
[WhiteElo "1822"]
[BlackElo "1662"]
[PlyCount "133"]
[EventDate "2024.01.12"]
[EventType "tourn"]
[EventRounds "1"]
[EventCountry "POL"]
[SourceDate "2024.01.19"]

1. d4 d6 2. Nc3 Nd7 3. e4 e5 4. Nf3 Ngf6 5. Bc4 Be7 6. dxe5 dxe5 7. Bg5 O-O 8.
O-O c6 9. Qe2 Qc7 10. h3 Nc5 11. a4 Be6 12. Bh4 a5 13. Bg3 Nfd7 14. Nd4 Bxc4
15. Qxc4 Nb6 16. Qe2 g6 17. Nf3 Bf6 18. b3 Ne6 19. Qe3 Rad8 20. Rad1 Nd7 21.
Ne2 Bg7 22. Nc1 Ndc5 23. Nd3 Nxd3 24. Rxd3 f6 25. Rfd1 Rfe8 26. Ne1 Bf8 27. Qf3
Qe7 28. Kh2 Rd4 29. Qe2 Red8 30. f3 Kg7 31. Qd2 Qb4 32. Bf2 Qxd2 33. R1xd2 Bb4
34. Rd1 Rxd3 35. Nxd3 Nf4 36. Bb6 Rd7 37. Nb2 Rxd1 38. Nxd1 Ne2 39. Ne3 Nd4 40.
Bxd4 exd4 41. Nc4 b5 42. Nb2 Kf7 43. Kg1 Ke6 44. Kf2 Bc3 45. Nd3 Kd6 46. Ke2
bxa4 47. bxa4 c5 48. Nf4 c4 49. Nd5 Bb2 50. Kd2 f5 51. Nf6 Bc3+ 52. Kd1 h6 53.
f4 Ke6 54. e5 Bb4 55. g4 Be7 56. gxf5+ gxf5 57. Nh5 Kf7 58. Ng3 Kg6 59. Ke2 h5
60. Nf1 Bb4 61. Nh2 Kf7 62. Nf3 Bc5 63. Nd2 d3+ 64. cxd3 cxd3+ 65. Kxd3 Ke6 66.
Nb3 Bb4 67. Nd4+ 1-0

[Event "282nd YMCA Winter A"]
[Site "Warsaw"]
[Date "2024.03.19"]
[Round "11"]
[White "Sypula, Krzysztof"]
[Black "Sternik, Piotr"]
[Result "0-1"]
[WhiteElo "1662"]
[BlackElo "1829"]
[PlyCount "34"]
[EventDate "2024.01.12"]
[EventType "tourn"]
[EventRounds "1"]
[EventCountry "POL"]
[SourceDate "2024.01.19"]

1. c4 e6 2. e3 d5 3. b3 Nf6 4. Bb2 c5 5. Nf3 Nc6 6. cxd5 exd5 7. Bb5 Bd7 8. O-O
Bd6 9. d4 cxd4 10. Bxc6 bxc6 11. Bxd4 O-O 12. Qc2 c5 13. Bxc5 Rc8 14. b4 Ne4
15. Qd3 Nxc5 16. bxc5 Rxc5 17. Nbd2 Bb5 0-1